Liečebná výživa po resekcii žalúdka

Podrobná bibliografia
Hlavný autor: Boďová, M (Autor)
Médium: Článok
Jazyk:slovenčina

MARC

LEADER 00000nab a22000007a 4500
001 vtls010671893
003 SK-MaSNL
005 20260304184525.0
008 250708s1997 xo |||||||||||||||||slo|
035 |a (urnnbn)urn:nbn:sk:snk:ar-a067ff 
035 |a (uuid)709c5652-7bdb-4c5b-a299-b29d4c873468 
035 |a urn:nbn:sk:snk-ab18ir 
040 |a SNKBUCL  |b slo  |c SNKBUCL  |e AACR2 
041 0 |a slo 
044 |a xo  |c SK 
100 1 |a Boďová, M  |4 aut  |9 404898 
245 1 0 |a Liečebná výživa po resekcii žalúdka  |c M. Boďová 
773 0 |t Revue profesionálnej sestry  |g Roč. 4, č. 5 (1997), s. 14 
850 |a Slovenská národná knižnica 
852 |a Slovenská národná knižnica 
958 |a article 
958 |a OND 
958 |a EUIPO 
999 |c 3038630  |d 3040560